| 000 | 01040nam a22002297a 4500 | ||
|---|---|---|---|
| 999 |
_c5205 _d5205 |
||
| 003 | AR-CdUCM | ||
| 008 | 190312b ||||| |||| 00| 0 spa d | ||
| 040 |
_aMUNICIPALIDAD PROVINCIAL DEL CUSCO _cBIBLIOTECA MUNICIPAL DEL CUSCO |
||
| 082 |
_a869.50 / _bN682 |
||
| 100 |
_aNieves y Bustamante, María _915785 |
||
| 245 | _aJorge el hijo del pueblo / | ||
| 260 |
_aArequipa : _bEditorial Mejía Baca, _c1958. |
||
| 300 |
_a357 páginas ; _c17 cm. |
||
| 440 |
_aEdiciones Populibro _915786 |
||
| 500 | _aDonación familia Luis Nieto | ||
| 505 | _aContenido: t.1: Las bodas de un artesano - La bandera echeniquista - El 22 de abril de 1851 - Los últimos momentos de Don Raimundo... -- t.2: Vencer o morir - Fe popular - Luciano oye referir un episodio de su vida - La pequeña casita - Los hermanos - Elena -- t.3: Iriarte es descubierto -- Iriarte se mortifica -- Delirante... | ||
| 650 |
_aNovelas históricas peruanas _911377 |
||
| 650 |
_aArequipa _91703 |
||
| 650 |
_aDrama arequipeño _915787 |
||
| 942 |
_2ddc _cLIBROS |
||
| 945 | _adavv | ||